| 000 | 00632 a2200229 4500 | ||
|---|---|---|---|
| 020 | _a0-88802-240-9 | ||
| 041 | _aEng | ||
| 082 |
_a025.34 _bW428n _cL |
||
| 100 |
_aWeihs, Jean _91444 |
||
| 245 | _aNonbook materials; the organization of integrated collections. | ||
| 250 | _a3rd. ed. | ||
| 260 |
_aOttawa, _bCanadian Library Association, _c1989 |
||
| 300 | _aix, 151p. | ||
| 518 | _a2010/11/28 | ||
| 650 |
_aAudiovisual materials _91445 |
||
| 650 |
_aHandbooks _91446 |
||
| 650 |
_aLibraries _9507 |
||
| 650 |
_aLibrary operations _91447 |
||
| 650 |
_aLibrary Catalogues _91448 |
||
| 653 | _aCataloguing | ||
| 942 |
_2ddc _cGEN |
||
| 999 |
_c47689 _d47689 |
||